[Event "HUN-ch U10/14"]
[Site "Buek"]
[Date "2023.06.19"]
[Round "1"]
[White "Liu, James Jiayu"]
[Black "Kiss, Mate Botond"]
[Result "0-1"]
[WhiteElo "1636"]
[BlackElo "1204"]
[PlyCount "62"]
[EventDate "2023.06.17"]
[EventType "swiss"]
[EventRounds "9"]
[EventCountry "HUN"]
[SourceTitle "CBM 215 Extra"]
[Source "ChessBase"]
[SourceDate "2023.09.30"]
[SourceVersion "1"]
[SourceVersionDate "2023.09.30"]
[SourceQuality "1"]

1. e4 e5 2. Nf3 Nc6 3. d4 exd4 4. Nxd4 Bc5 5. Nb3 Bb6 6. Nc3 Nf6 7. Bg5 h6 8. Bh4 d6 9. Bd3 0-0 10. 0-0 Be6 11. Kh1 Ne5 12. f4 Neg4 13. Qe1 Bxb3 14. axb3 Re8 15. h3 Ne3 16. Rf3 Nf5 17. Bf2 Bxf2 18. Qxf2 Ne7 19. Rxa7 Rxa7 20. Qxa7 b6 21. Nb5 c6 22. Nc3 Nc8 23. Qa4 b5 24. Qd4 c5 25. Qf2 b4 26. e5 dxe5 27. fxe5 Rxe5 28. Na4 Qe7 29. Bc4 Kh8 30. Rf5 Ne4 31. Qf4 Rxf5 0-1